000 00867nam a2200229Ia 4500
003 OSt
005 20240808125502.0
008 210210b2001 xxu||||| |||| 00| 0 eng d
040 _aAL
_c
082 _a954K GILB
100 _aGILBART SIKVERA mattu STIVAN KVADRAS.
_931108
_dಗಿಲ್ಬರ್ಟ್ ಸಿಕ್ವೇರಾ ಮತ್ತು ಸ್ಟೀವನ್ ಕ್ವಾಡ್ರಸ್
245 _aBharatada ithihasa II A.D. 1206-1856 .
_b ಭಾರತದ ಇತಿಹಾಸ ಭಾಗ-೨ (ಕ್ರಿಸ್ತ ಶಕ ೧೩೦೬_೧೮೫೬)
250 _a2
260 _aMangaluru.
_bJe Je Prakashana.,
_c2001
300 _axii,506
650 _aMedieval India
_931109
650 _a II B.A
_9175822
690 _aIndian History
_931110
700 _aSEQUEIRA (Gilbert) and QUADROS (Stephen)
_9175821
906 _a057547
942 _2ddc
_cBK
999 _c104996
_d104996